Modern attack : Aircraft

Bibliographic Details
Main Author: Gunston,Bill
Format: Book
Published: New York : Prentice hall press , 1989
Subjects:

MARC

LEADER 00000cam a2200000 7i4500
001 0000062658
005 20160418.0
008 160418
020 |a 0135890942 
090 0 0 |a 358.4   |b GUN 
100 1 |a Gunston,Bill 
245 1 0 |a Modern attack :   |b Aircraft   |c Bill Gunston 
260 |a New York :   |b Prentice hall press ,   |c 1989 
500 |a Includes index 
650 0 |a Attack planes 
999 |a 0000776950   |b Book   |c Adult Collection   |e Cawangan Pontian 
999 |a 0000794401   |b Book   |c Adult Collection   |e Cawangan Segamat